| 000 | 00692nam a2200265Ia 4500 | ||
|---|---|---|---|
| 005 | 20250425162618.0 | ||
| 008 | 250425s9999 xx 000 0 und d | ||
| 020 | _a9789645817563 | ||
| 041 | _aspa | ||
| 043 | _air | ||
| 082 | _a297.2 | ||
| 100 | _aMUSAVI LARI, SAYYID MUJTABA | ||
| 245 | 0 | _aLOS FUNDAMENTOS DE LA DOCTRINA ISLÁMICA | |
| 250 | _a5A ED. | ||
| 260 |
_aIrán _bESPAE: ESCUELA DE POSGRADO EN ADM. DE EMPRESAS _c2009 |
||
| 260 |
_aS.L. _bS.E. |
||
| 300 | _a260 | ||
| 500 | _aDonado por Dra. Virginia Lassio | ||
| 650 | _aCREENCIAS | ||
| 650 | _aDOCTRINAS | ||
| 650 | _aPROFECIAS | ||
| 700 |
_aHaidar Taufiq Brusa _etraductor |
||
| 942 | _c01 | ||
| 010 | _a90341 | ||
| 999 |
_c232830 _d232830 |
||